000 00537cam a2200193ua 4500
001 11213
008 190904n ii |||gr||||Z||||||asm
020 _a9789382750963
040 _cMAIN
082 _a491.451
100 _aLakshi Hazarika,
_eAuthor.,
245 _aMadhya jugar asamiya bhasar rupatattvik bislesan
_cBy Lakshi Hazarika
250 _a1st ed.
260 _aGuwahati:
_bBanlata,
_c2015.
300 _a268p.
653 _aEast Indo-European & Celtic languages
653 _aMorphology of Assamese Language
942 _cBK
999 _c10075
_d10075